[Event "Grand Pacific op 11th"]
[Site "Victoria"]
[Date "2017.04.15"]
[Round "3"]
[White "Gansvind, Valeriya I"]
[Black "Petrov, Oscar"]
[Result "1-0"]
[WhiteElo "2161"]
[BlackElo "1706"]
[PlyCount "79"]
[EventDate "2017.04.14"]
[EventType "tourn"]
[EventRounds "6"]
[EventCountry "CAN"]
[SourceTitle "CBM 178 Extra"]
[Source "ChessBase"]
[SourceDate "2017.06.22"]
[SourceVersion "1"]
[SourceVersionDate "2017.06.22"]
[SourceQuality "1"]

1. d4 Nf6 2. Bg5 e6 3. Nd2 d5 4. e3 c5 5. c3 Be7 6. Bd3 Nbd7 7. Ngf3 0-0 8. h3 Re8 9. 0-0 h6 10. Bf4 Nh7 11. Ne5 Nxe5 12. dxe5 f5 13. exf6 Bxf6 14. Bg6 Re7 15. Ne4 e5 16. Bg3 b6 17. Nxf6+ Nxf6 18. Bh4 Re6 19. Re1 Kh8 20. Bf7 Rd6 21. Bxf6 gxf6 22. Qh5 Qf8 23. Rad1 Bb7 24. f4 Qg7 25. Bg6 Rg8 26. f5 Bc6 27. Rd2 Rdd8 28. Ree2 Be8 29. Bxe8 Rgxe8 30. Rxd5 Rxd5 31. Qxe8+ Kh7 32. Kh2 c4 33. Rf2 Rd3 34. Rf3 Qg8 35. Qe7+ Qg7 36. Qe6 Rd2 37. Rg3 Qf8 38. Rg6 Rxb2 39. Rxf6 Qg8 40. Rf7+ 1-0

[Event "Washington State-chD"]
[Site "Redmond"]
[Date "2017.02.19"]
[Round "8"]
[White "Seshadri, Sridhar"]
[Black "Petrov, Oscar"]
[Result "0-1"]
[WhiteElo "1556"]
[BlackElo "1706"]
[PlyCount "74"]
[EventDate "2017.02.11"]
[EventType "tourn"]
[EventRounds "9"]
[EventCountry "USA"]
[SourceTitle "EXT 2023"]
[Source "ChessBase"]
[SourceDate "2022.10.05"]
[SourceVersion "1"]
[SourceVersionDate "2022.10.05"]
[SourceQuality "1"]

1. d4 Nf6 2. Bg5 e6 3. e3 c5 4. Nf3 d5 5. Bb5+ Bd7 6. Qe2 Qa5+ 7. Nc3 cxd4 8. Bxd7+ Nbxd7 9. exd4 Ne4 10. Qb5 Bb4 11. Qxa5 Bxa5 12. Bd2 Nxd2 13. Kxd2 Rc8 14. a3 Bxc3+ 15. bxc3 Nf6 16. Rhb1 Ne4+ 17. Ke1 b6 18. Nd2 Rxc3 19. Nxe4 dxe4 20. Kd2 Rc4 21. Rb4 Rc7 22. Re1 f5 23. f3 exf3 24. gxf3 Kf7 25. Re3 Rhc8 26. Rb2 g5 27. Rd3 h5 28. c3 Rh8 29. Rb1 g4 30. fxg4 hxg4 31. Rh1 f4 32. Ke2 Kf6 33. h4 Rch7 34. d5 Rxh4 35. Rxh4 Rxh4 36. d6 Rh8 37. d7 Rd8 0-1

[Event "Washington State-chD"]
[Site "Redmond"]
[Date "2017.02.12"]
[Round "4"]
[White "Petrov, Oscar"]
[Black "Mahajan, Rushaan"]
[Result "1-0"]
[WhiteElo "1706"]
[BlackElo "1939"]
[PlyCount "79"]
[EventDate "2017.02.11"]
[EventType "tourn"]
[EventRounds "9"]
[EventCountry "USA"]
[SourceTitle "EXT 2023"]
[Source "ChessBase"]
[SourceDate "2022.10.05"]
[SourceVersion "1"]
[SourceVersionDate "2022.10.05"]
[SourceQuality "1"]

1. e4 e6 2. d4 d5 3. exd5 exd5 4. Bd3 Bd6 5. Nc3 Ne7 6. Bg5 c6 7. g4 f6 8. Bd2 Be6 9. Qe2 Bf7 10. f4 Qc7 11. Qf3 Nd7 12. Nge2 0-0-0 13. 0-0-0 Bg6 14. f5 Bf7 15. Nf4 Nf8 16. Rde1 g5 17. Ne6 Nxe6 18. fxe6 Bg6 19. Qxf6 Bxd3 20. cxd3 h6 21. Ref1 b6 22. Kb1 Rdf8 23. Qxf8+ Rxf8 24. Rxf8+ Kb7 25. Rf7 Qc8 26. Rhf1 Ka6 27. R1f6 Ng8 28. Rg6 b5 29. Rfg7 Ne7 30. Rxh6 Qf8 31. Rhh7 Qf1+ 32. Kc2 Qf2 33. Nd1 Qxd4 34. Be3 Qa4+ 35. Kc1 Qxa2 36. Rxe7 Qa1+ 37. Kc2 Qa4+ 38. b3 Qa2+ 39. Nb2 Bxe7 40. Rxe7 1-0

[Event "Washington State-chD"]
[Site "Redmond"]
[Date "2017.02.11"]
[Round "1"]
[White "Petrov, Oscar"]
[Black "Deng, Samuel"]
[Result "0-1"]
[WhiteElo "1706"]
[BlackElo "1847"]
[PlyCount "90"]
[EventDate "2017.02.11"]
[EventType "tourn"]
[EventRounds "9"]
[EventCountry "USA"]
[SourceTitle "EXT 2023"]
[Source "ChessBase"]
[SourceDate "2022.10.05"]
[SourceVersion "1"]
[SourceVersionDate "2022.10.05"]
[SourceQuality "1"]

1. e4 c6 2. d4 d5 3. Nc3 dxe4 4. Nxe4 Nd7 5. Ng5 Ngf6 6. Bc4 e6 7. N1f3 h6 8. Nh3 Be7 9. Nf4 Nb6 10. Bd3 0-0 11. Ne5 c5 12. Be3 Nbd5 13. Qd2 Nxf4 14. Bxf4 cxd4 15. 0-0 Re8 16. Bb5 Rf8 17. Bd3 Nd5 18. Bxh6 Nb4 19. Bf4 Nxd3 20. Qxd3 Qd5 21. Rfd1 Rd8 22. Nf3 Bf6 23. Qe2 b6 24. Be5 Bxe5 25. Qxe5 Qxe5 26. Nxe5 Bb7 27. f4 f6 28. Nf3 Bxf3 29. gxf3 Rd5 30. Rd2 Rad8 31. Rad1 Kf7 32. Kf2 b5 33. b4 Rc8 34. Kg3 Ke7 35. a3 Rc4 36. Kf2 Rc3 37. Ra1 Rc6 38. Ra2 a6 39. Rd3 Rh5 40. Rxd4 Rxh2+ 41. Ke3 Rc3+ 42. Rd3 Rhxc2 43. Rxc3 Rxc3+ 44. Ke2 Kf7 45. Ra1 Kg6 0-1

[Event "Vancouver op"]
[Site "Vancouver"]
[Date "2015.08.22"]
[Round "3"]
[White "Petrov, Oscar"]
[Black "Haining, Kyle"]
[Result "0-1"]
[WhiteElo "1788"]
[BlackElo "2155"]
[PlyCount "102"]
[EventDate "2015.08.22"]
[EventType "swiss"]
[EventRounds "5"]
[EventCountry "USA"]
[SourceTitle "EXT 2017"]
[Source "ChessBase"]
[SourceDate "2016.10.25"]
[SourceVersion "1"]
[SourceVersionDate "2016.10.25"]
[SourceQuality "1"]

1. e4 g6 2. d4 Bg7 3. c4 d6 4. h3 Nf6 5. Nc3 0-0 6. Bg5 c5 7. dxc5 Qa5 8. Bd2 dxc5 9. Bd3 Nc6 10. Nce2 Nb4 11. Qb3 Nxd3+ 12. Qxd3 Rd8 13. Qe3 Qa6 14. Nf3 Qxc4 15. Ng3 b6 16. Qb3 Qxb3 17. axb3 Bb7 18. e5 Nd7 19. Bc3 Bxf3 20. gxf3 Nxe5 21. Ke2 Rd7 22. Rhd1 Rad8 23. Rxd7 Rxd7 24. Rg1 Nd3 25. Rd1 Nf4+ 26. Ke1 Rxd1+ 27. Kxd1 Nxh3 28. Ke2 Ng1+ 29. Ke3 h5 30. Nf1 Bh6+ 31. f4 Nh3 32. Be5 f6 33. Bb8 e5 34. Bxa7 Nxf4 35. Ke4 b5 36. Bxc5 Kf7 37. b4 Ke6 38. Ne3 f5+ 39. Kf3 h4 40. Nxf5 Kxf5 41. Bd4 e4+ 42. Ke3 h3 43. f3 h2 44. b3 h1Q 45. Be5 Qxf3+ 46. Kd4 Qd3+ 47. Kc5 Qd5+ 48. Kb6 Kxe5 49. Ka5 Qd7 50. Kb6 Nd5+ 51. Kc5 Bf8# 0-1